00961nam a2200241Ia 450000100060000000300090000600800410001504000130005604000130006904100130008210000210009510000280011624500310014424500310017525000110020626000100021726000090022726000490023630000590028550003190034465000250066365000310068810967IT-RoPAU130308s9999 xx 000 0 und d aIT-RoPAU cIT-RoPAU aFRANCESE aVielfaure Claude gCodice Aut. SPICS: 37 aEcriture publicitaire (L') bSavoir Ecrire Moderne (Le) a1a ed. aPARIS bRetz c1980 [1° Ed.:1980 - Ed.Ling.Originale:1980] a"43 p. (prefazione: no ; testo: 43 [pagine: 439-481])" aScrittura pubblicitaria Grandi Generi di Pubblicità Storia della Pubblicità leggi della redazione pubblicitaria leggi psicologiche leggi Meccanicheargomenti pubblicitari Asse dell'argomentazione Efficacia della Pubblicità leggi fisiche della Pubblicità Dinamica delle Parole e delle Frasi Testi Radiofonici aSAGGI DI LINGUISTICA eCodice materia Spics: 3207